Music Quiz

Random Music or Song Quiz

Figure Out the Lyrics II Quiz Stats

 Plays Quiz Updated Nov 20, 2014

Score 0/84 Timer 06:00
47 Plays Today
% Correct
a
95%
a
95%
the
92.6%
the
92.6%
the
92.6%
the
92.6%
you
88.2%
you
88.2%
you
88.2%
You
88.2%
you
88.2%
You
88.2%
You
88.2%
You
88.2%
be
73.9%
be
73.9%
to
68.3%
and
68%
can
65.4%
are
62.4%
are
62.4%
in
62.1%
go
59.5%
go
59.5%
go
59.5%
your
50.7%
your
50.7%
your
50.7%
% Correct
your
50.7%
your
50.7%
where
50.4%
where
50.4%
where
50.4%
where
50.4%
where
50.4%
see,
45%
wanna
42.4%
wanna
42.4%
wanna
42.4%
wanna
42.4%
wanna
42.4%
know,
41.8%
all
40.5%
all
40.5%
all
40.5%
world
37.5%
like
33.3%
way
32.2%
people
32%
people
32%
would
31.9%
name,
30.6%
name.
30.6%
name.
30.6%
everybody
28.3%
everybody
28.3%
% Correct
everybody
28.3%
knows
27.7%
knows
27.7%
knows
27.7%
from
27.7%
got.
26.3%
same.
25.3%
same.
25.3%
always
25%
get
24.9%
they're
22.6%
today
21.8%
everything
21.3%
you've
20.5%
came.
20.4%
Making
19.7%
away?
18.8%
glad
18.8%
help
18.5%
takes
18.3%
Sometimes
17.2%
lot.
17.1%
troubles
16.8%
sure
15.8%
Wouldn't
15%
worries,
14.9%
break
14.1%
Taking
13.4%

You're not logged in!

Compare scores with friends on all Sporcle quizzes.
OR
Log In

Sporcle TV

Today on Sporcle TV


Watch our educational content, quiz creation guides, and fun videos on Sporcle TV.

Show Comments

Extras

Top Quizzes Today


Score Distribution

Your Account Isn't Verified!

In order to create a playlist on Sporcle, you need to verify the email address you used during registration. Go to your Sporcle Settings to finish the process.

Report this User

Report this user for behavior that violates our Community Guidelines.

Details: